000 00876nam a2200169 a 4500
001 000032526
005 20200930065703.0
008 110719s1993 dr 000 0 spa d
040 _aDO-SdBNP
_bspa
_cBNPHU
082 _axxxx
_bP796c
100 1 _aPérez y Pérez, Rafael Leónidas
_919964
245 1 0 _aPonencia del coronel médico internista-oncólogo Dr. Rafael Leónidas Pérez y Pérez, Ejercito Nacional, en la mesa redonda "13 de marzo: contribución de Neiba en la gesta independentista ".
260 _aSanto Domingo :
_bImprenta Offset Nítida,
_c1993.
300 _a18 p. ;
_c21 cm.
500 _a"Conferencia presentada en la mesa redonda "13 de marzo: Contribución de Neiba en la gesta independentista ", celebrada el 8 de marzo de 1993 con motivo del 50º aniversario de la provincia Bahoruco" en el Salon de Música de la Biblioteca Nacional.
049 _aBNPD
999 _c32017
_d32017